000 01033nam a2200301 i 4500
003 DO-SdBNP
005 20230710101335.0
007 ta
008 230627b2013 dr ac||| |||| 00| 0 spa d
020 _a9789993424857
040 _aDO-SdBNP
_bspa
_cBNPHU
_erda
082 4 _222
100 _aCastillo, Lillian
_91132
245 1 0 _aOrientaciones y materiales complementarios /
_cLillian Castillo, Martha Lannini, Ana Seijas ; colaboradores, Rosa Aura Ceballos, Magda Ivelisse Díaz
264 1 _aSanto Domingo :
_bCentro Cultural Poveda,
_c2013.
300 _a24 páginas ;
_c28 cm.
336 _2rdacontent
_atexto
_btxt
337 _2rdamedia
_asin mediacióm
_bn
338 _2rdacarrier
_avolumen
_bnc
490 _aSerie campamento ¡leer y escribir me fascina!
590 _aInventariado, 2023/DG
700 1 _aLannini, Martha
_983718
700 1 _aSeijas, Ana,
_983719
700 1 _aCeballos, Rosa Aura,
_ecolaboradora
_976002
700 1 _aDíaz, Magda Ivelisse,
_ecolaboradora
_983720
910 _aDG
942 _2ddc
_cLF2
999 _c54009
_d54009